Pathen Lekhabu Theng: (Record no. 6886)

MARC details
000 -LEADER
fixed length control field 00455nam a2200169Ia 4500
003 - CONTROL NUMBER IDENTIFIER
control field GBCCL
005 - DATE AND TIME OF LATEST TRANSACTION
control field 20251201123910.0
008 - FIXED-LENGTH DATA ELEMENTS--GENERAL INFORMATION
fixed length control field 180702b ||||| |||| 00| 0 eng d
040 ## - CATALOGING SOURCE
Transcribing agency GBC
082 ## - DEWEY DECIMAL CLASSIFICATION NUMBER
Classification number VER 220.5954
Item number KUK 1
245 ## - TITLE STATEMENT
Title Pathen Lekhabu Theng:
Remainder of title Kitepna Lui Le Kitepna Thah Kigom
260 ## - PUBLICATION, DISTRIBUTION, ETC.
Name of publisher, distributor, etc. BSI
260 ## - PUBLICATION, DISTRIBUTION, ETC.
Date of publication, distribution, etc. 1984.
Place of publication, distribution, etc. Bangalore:
Name of publisher, distributor, etc. Bible Society of India
300 ## - PHYSICAL DESCRIPTION
Extent 1296, 322p.
Other physical details maps;
650 ## - SUBJECT ADDED ENTRY--TOPICAL TERM
Topical term or geographic name entry element Bible
Form subdivision Kuki
9 (RLIN) 12302
942 ## - ADDED ENTRY ELEMENTS (KOHA)
Source of classification or shelving scheme Dewey Decimal Classification
Koha item type Reference Books
Holdings
Withdrawn status Lost status Source of classification or shelving scheme Damaged status Not for loan Collection Home library Current Library Shelving location Date acquired Total checkouts Full call number Barcode Date last seen Copy number Price effective from Koha item type
    Dewey Decimal Classification       GRACE BIBLE COLLEGE GRACE BIBLE COLLEGE Bible 2018-07-02   VER 220.5954 KUK 001499 2025-05-01 c.1 2018-07-02 Reference Books
© Grace Bible College Library 2025